=LDR 00000nam 2200000 4500 =001 INLIS000000000010111 =005 20130612101832 =008 ***********************************Ind** =035 ##$$0010-061300000010111 =041 ##$$a Ind =082 ##$$a 398.2 =090 ##$$a 398.2, Rah d =100 ##$$a Rahimsyah, AR.MB =245 ##$$a Dongeng anak muslim, MB Rahimsyah =260 ##$$a 21 cm $b Jombang =300 ##$$a 224 hlm, ilus, 21 cm =650 ##$$a Dongeng =850 ##$$a NBPNMAT